Can you name every Reality Show Contestant? - Statistics

General Stats
  • This quiz has been taken 20 times
    13 since last reset
  • The average score is 936 of 2408
Answer Stats
Hint Answer % Correct
S4: 4th Al Rios
86%
BB16 Amber Borzotra
86%
S2, S8 Amber Brkich
86%
AI12 Amber Holcomb
86%
S11: 8th | S7: 2nd Amber Mariano
86%
BB8 Amber Siyavus
86%
MC2 Angel Moore-Soukkay
86%
S12 Dan Barry
86%
AP5 Dan Brody
86%
MC6 Dan Collado
86%
S30 Dan Foley
86%
BB10, BB14 Dan Gheesling
86%
S13: 3rd Dan Honig
86%
S6 Daniel Lue
86%
S17 Dan Kay
86%
S21 Dan Lembo
86%
S15: 2nd Dan McMillen
86%
MC7 Dan Paustian
86%
S16: 1st Dan Pious
86%
HK11 Dan Ryan
86%
MC5 Dan Wu
86%
BB9 Jen Diturno
86%
HK4 Jen Gavin
86%
S14: 4th | S18: 1st Jen Hoffman
86%
S30: 3rd Jen Hudak
86%
BB8 Jen Johnson
86%
BB14 Jenn Arroyo
86%
S30 Jenn Brown
86%
AP6 Jenn Hoffman
86%
S12: 7th Jennifer McCall
86%
S12: 4th Jennifer Parker
86%
S29: 11th Jenn Lee
86%
S10 Jenn Lyon
86%
HK3 Jen Yemola
86%
HK5 J Maxwell
86%
S4 John Carrol
86%
S23, S26 John Cochran
86%
S27 John Cody
86%
S22: 9th John Erch
86%
S24: 7th John Erck
86%
S19 John Fincher
86%
AP3 John Gafford
86%
S9 John Keeney
86%
S9: 11th John Lowe
86%
BB17 John McGuire
86%
S9 John Palyok
86%
S5 John Raymond
86%
CA4 John Rich
86%
S29 John Rocker
86%
AI3 John Stevens
86%
AP2 John WIllenborg
86%
S6: 2nd Jon Buehler
86%
S4: 2nd Jon Corso
86%
S7, S16 Jon “Jonny FairPlay” Dalton
86%
CA8 Jon Lovitz
86%
S29 Jon Misch
86%
AI3 Jon Peter Lewis
86%
HK11 Jon Scallion
86%
S4: 4th Jon Weiss
86%
S27: 6th Josh Ahern
86%
S29 Josh Canfield
86%
S4: 9th Josh Cottingham
86%
BB3 Josh Feinberg
86%
S21: 1st Josh Kilmer-Purcell
86%
MC3 Josh Marks
86%
BB19 Josh Martinez
86%
AP4 Josh Shaw
86%
BB1 Josh Souza
86%
HK14,17 Josh Trovato
86%
HK3 Josh Wahler
86%
HK14 T Gregoire
86%
AI16 Ada Vox
71%
AUS4 Aimee Stanton
71%
AP6 Aimee Trottier
71%
S9, S16 Ami Cusack
71%
S1: 7th Amie Barsky
71%
AI3 Amy Adams
71%
BB3 Amy Crews
71%
S25: 1st Amy DeJong
71%
S23: 1st Amy Diaz
71%
AP1 Amy Henry
71%
S11 Amy O’Hara
71%
S21: 10th Amy Purdy
71%
S3: 6th Andre Plummer
71%
S36 Angela Perkins
71%
AP6 Angela Ruggiero
71%
BB20 Angela Rumman
71%
BB6 Ashlea Evans
71%
S10 Ashlee Ashby
71%
S23: 5th Ashley Covert
71%
S26: 5th Ashley Gordon
71%
BB14 Ashley Iocco
71%
S28: 4th Ashley Jenkins
71%
S15 Ashley Massaro
71%
MC9 Ashley Mincey
71%
HK15,17 Ashley Nickell
71%
S35 Ashley Nolan
71%
HK13 Ashley Sherman
71%
S19 Ashley Trainer
71%
S22 Ashley Underwood
71%
S19: 5th Bill Alden
71%
S11: 6th | S1: 3rd Bill Bartek
71%
BB2 Bill “Bunky” Miller
71%
S8: 6th Bill Gaghan
71%
CA3 Bill Goldberg
71%
S13: 9th Bill Kahler
71%
S24 Bill Posley
71%
AP1 Bill Rancic
71%
S19: 11th Bill Smith
71%
MC7 Bill Travers
71%
AI4 Bo Bice
71%
HK14 Bret Hauser
71%
S33 Bret LaBelle
71%
CA3,6 Bret Michaels
71%
S11 Brian Corridan
71%
BB10 Brian Hart
71%
S5 Brian Heidik
71%
S15: 3rd Brian Kleinschmidt
71%
AP4 Brian Mandelbaum
71%
AP3 Brian McDowell
71%
CA2 Brian McKnight
71%
HK10 Brian Merel
71%
S8: 5th Brian Paolo
71%
HK13 Brian Santos
71%
S7: 6th Brian Smith
71%
MC8 Brien O’Brien
71%
MC4 Bri Kozior
71%
HK5 Co Burruss
71%
S9: 8th Dani Torchio
71%
S11 Danni Boatwright
71%
HK15 Dannie Harrison
71%
S17 Danny “GC” Brown
71%
AI8 Danny Gokey
71%
S20: 7th Danny Horal
71%
S11: 4th | S2: 4th Danny Jimenez
71%
AP3 Danny Kastner
71%
S23: 7th Danny Merkey
71%
HK5 Danny Veltri
71%
AUS3 El Rowland
71%
S33 Hannah Shapiro
71%
S11: 7th | S3: 2nd Ian Pollack
71%
S10 Ian Rosenberger
71%
BB14 Ian Terry
71%
CA7 Ian Ziering
71%
S15 Jaime Dugan
71%
S14: 2nd | S18: 9th Jaime Edmondson
71%
MC5 Jaimee Vitolo
71%
CA7 Jamie Anderson
71%
HK7 Jamie Bisoulis
71%
S20: 6th Jamie Graetz
71%
HK9 Jamie Gregorich
71%
S10: 10th Jamie Hill
71%
BB1 Jamie Kern
71%
S11 Jamie Newton
71%
S21 Jane Bright
71%
S6 Janet Koth
71%
S5 Jan Gentry
71%
S25 Jeff Kent
71%
HK1 Jeff LaPoff
71%
S26: 11th Jeff Magee
71%
MC8 Jeff Philbin
71%
BB11, S13 | S16: 7th Jeff Schroeder
71%
S4: 3rd Jeff Strnad
71%
S2, S31, S34 Jeff Varner
71%
BB17 | S26: 7th Jeff Weldon
71%
S10 Jeff Wilson
71%
CA1 Jennie Finch
71%
MC2 Jennie Kelley
71%
S32 Jennifer Lanzetti
71%
MC8 Jenny Cavellier
71%
S13 Jenny Guzon-Bae
71%
S26: 2nd Jenny Wu
71%
S2, S8, S20 Jerri Manthey
71%
BB10 Jerry MacDonald
71%
S18 Jerry Sims
71%
CA2 Jesse James
71%
MC6 Jesse Romero
71%
S3 Jessie Camacho
71%
AP1 Jessie Conners
71%
BB10, BB11 Jessie Godderz
71%
BB15 Jessie Kowalski
71%
MC4 Jessie Lysiak
71%
S29: 10th Jessie Shields
71%
HK5 Ji-Hyun Cha
71%
S11 Jim Lynch
71%
S5: 9th Jim McCoy
71%
HK6 Jim McGloin
71%
HK1 Jimmy Casey
71%
S21 Jimmy Johnson
71%
S21 Jimmy Tarantino
71%
S25: 2nd Jim Raman
71%
S23 Jim Rice
71%
AI1 Jim Verraros
71%
S30, S31 Joe Anglim
71%
BB14 Joe Arvin
71%
S11: 6th | S1: 3rd Joe Baldassare
71%
BB8 Joe Barber
71%
S32 Joe Del Campo
71%
S18 Joe Dowdle
71%
S35 Joe Mena
71%
S6: 11th Joe Rashbaum
71%
HK15 Joe Ricci
71%
S16: 8th Joe Wang
71%
CA4 Jose Canseco
71%
AI2 Joshua Gracin
71%
AI11 Joshua Ledet
71%
MC9 Julia Danno
71%
AI2 Julia DeMato
71%
S26 Julia Landauer
71%
BB17 Julia Nolan
71%
S12: 9th Julia Ruiz
71%
S32 Julia Sokolowski
71%
HK3 Julia Williams
71%
S9 Julie Berry
71%
S29 Julie McGee
71%
S22 Julie Wolfe
71%
S17: 1st Kat Chang
71%
AUS3 Kat Dumont
71%
S24, S27 Kat Edorsson
71%
AI8 Kris Allen
71%
S14: 8th | S18: 11th Kris Klicka
71%
S6: 2nd Kris Perkins
71%
AI6 LaKisha Ann Jones
71%
AI3 Leah LaBelle
71%
S33 Mari Takahashi
71%
S14: 6th | S18: 10th Mel White
71%
S32 Michele Fitzgerald
71%
BB11 Michele Noonan
71%
S17 Michelle Chase
71%
BB10 Michelle Costa
71%
AUS4 Michelle Dougan
71%
S9: 6th Michelle Garner
71%
S8: 4th Michelle Godlewski
71%
BB4 Michelle Maradie
71%
BB18 Michelle Meyer
71%
S33 Michelle Schubert
71%
AP6 Michelle Sorro
71%
AI16 Michelle Sussett
71%
S7 Michelle Tesauro
71%
S25: 11th Michelle Thomson
71%
HK14,17 Michelle Tribble
71%
S14 Michelle Yi
71%
HK14 Mieka Houser Harris
71%
MC8 Necco Ceresani
71%
S23: 6th Nicky Getz
71%
AP7 Nicole Chiu
71%
AP6 Nicole D’Ambrosio
71%
S7 Nicole Delma
71%
BB16, BB18 Nicole Franzel
71%
S23: 3rd Nicole Jasper
71%
S5: 3rd Nicole O’Brian
71%
HK12 Nicole Rutz
71%
BB2 Nicole Schaffrich
71%
AI4 Nikko Smith
71%
CA4 | S1, S8 Richard Hatch
71%
CA8 Snooki
71%
S3, S8 Tom Buchanan
71%
CA2 Tom Green
71%
HK2 Tom Poley
71%
S10: 8th Tom Rock
71%
S10, S20 Tom Westman
71%
HK6, 17 Van Hurd
71%
BB18 Victor Arroyo
71%
S14: 1st Victor Jih
71%
BB14 Wil Heauser
71%
HK5 Wil Kocol
71%
S21: 8th Will Chiola
71%
BB1 William Collins
71%
BB2, BB7 Will Kirby
71%
HK9 Will Lustberg
71%
S30 Will Simms II
71%
S33 Will Wahl
71%
BB5 Will Wikle
71%
S2: 2nd Wil Steger
71%
CA5 Adam Carolla
57%
S27: 10th Adam Dingeman
57%
S25: 3rd Adam Dirks
57%
S13 Adam Gentry
57%
AP4 Adam Israelov
57%
BB9 Adam Jasinski
57%
S33 Adam Klein
57%
AI8 Adam Lambert
57%
HK14 Adam Livow
57%
S6: 3rd Adam Malis
57%
AUS4 Adam Parkin
57%
BB13 Adam Poch
57%
S23: 8th Adam Switzer
57%
MC8 Adam Wong
57%
S7: 5th Alex Ali
57%
S14 Alex Angarita
57%
S6 Alex Bell
57%
S2: 1st Alex Boylan
57%
BB9 Alex Coladonato
57%
AP7 Alex Delgado
57%
S8: 1st Alex Linz
57%
S27: 10th Alex Manard
57%
BB19 Alex Ow
57%
AI13 Alex Preston
57%
S30: 4th Alex Rossi
57%
AP3 Alex Thomason
57%
BBOTT Alex Willett
57%
S35 Ali Elliott
57%
AP5 Allie Jablon
57%
S26 Allie Pohevitz
57%
S23: 5th Ally Mello
57%
S4: 11th Amanda Adams
57%
S14: 8th | S18: 11th Amanda Blackledge
57%
HK9 Amanda Colello
57%
BB4 Amanda Craig
57%
HK6 Amanda Davenport
57%
HK11 Amanda Giblin
57%
BB9 Amanda Hansen
57%
S15, S16, S20 Amanda Kimmel
57%
AI7 Amanda Overmyer
57%
MC6 Amanda Saab
57%
BB15 Amanda Zuckerman
57%
S1: 11th Ana Robar
57%
HK1 Andrew Bonito
57%
CA2 Andrew Dice Clay
57%
HK7 Andrew Forster
57%
AI9 Andrew Garcia
57%
BB12 Andrew Gordon
57%
S3: 10th Andrew Hyde
57%
S13: 3rd Andrew Lappitt
57%
HK16 Andrew Pearce
57%
S7, S31 Andrew Savage
57%
AUS3 Andrew Torrens
57%
S20: 9th Andrew Weber
57%
S10 Angie Jakusz
57%
S25 Angie Layton
57%
AP3 Angie McKnight
57%
AI12 Angie Miller
57%
BB20 Angie “Rockstar” Lantry
57%
BB10 Angie Swindell
57%
S13: 11th Anita Jones
57%
S32 Anna Khait
57%
MC3 Anna Rossi
57%
CA2 Annie Duke
57%
BB12 Annie Whittington
57%
S25: 3rd Bethany Hamilton-Dirks
57%
S22: 3rd Beth Bandimere
57%
S8: 2nd Beth Bransen
57%
MC4 Beth Kirby
57%
HK12 Beth Taylor
57%
S8: 6th Billy Gaghan
57%
S13 Billy Garcia
57%
S5: 8th Bob Barron
57%
HK4 Bobby Anderson
57%
S12 Bobby Mason
57%
S17 Bob Crowley
57%
CA8 Boy George
57%
S11 Brandon Bellinger
57%
S5: 3rd Brandon Davidson
57%
S23, S26 Brandon Hantz
57%
S3 Brandon Quinton
57%
AI6 Brandon Rogers
57%
S23: 8th Brandon Squyres
57%
AP3 Bren Olswanger
57%
S19 Brett Clouser
57%
BB20 Brett Robinson
57%
BB12, S14 Britney Haynes
57%
S30: 5th Brittany Austin
57%
MC7 Brittany Craig
57%
S21: 9th Brittany Fletcher
57%
BB16 Brittany Martinez
57%
S28: 9th Brittany Oldehoff
57%
BB1 Brittany Petros
57%
CA8 Brooke Burke-Charvet
57%
AI7 Brooke White
57%
S9 Brook Geraghty
57%
S17: 2nd Brook Roberts
57%
S28: 4th Burnie Burns
57%
S24 Chelsea Meissner
57%
MC9 Chelsea Sargent
57%
S36 Chelsea Townsend
57%
HK10 Chris Carrero
57%
S9 Chris Daugherty
57%
AI5 Chris Daughtry
57%
HK12 Chris Eversole
57%
S4: 11th Chris Garry
57%
S27: 3rd Chris Gordon
57%
S33 Chris Hammons
57%
S2: 1st Chris Luca
57%
S30: 7th Chris Marchant
57%
S36 Chris Noble
57%
HK1 Chris North
57%
AI6 Chris Richardson
57%
AP2 Chris Russo
57%
AP3 Chris Shelton
57%
AI6 Chris Sligh
57%
BB20 Chris “Swaggy C” Williams
57%
AP4 Chris Valletta
57%
S7: 11th Chuck Horton
57%
CBB1 Chuck Liddell
57%
S22: 6th Chuck McCall
57%
S4: 5th Chuck Shankles
57%
BB8, S13 Daniele Donato
57%
S21: 10th Daniel Gale
57%
S30: 6th Daniel Guiffreda
57%
Hk11 Danielle Boorn
57%
S12, S20 Danielle DiLorenzo
57%
BBOTT Danielle Lickey
57%
S27: 8th Danielle Littleton
57%
BB14 Danielle Murphree
57%
BB3, BB7 Danielle Reyes
57%
HK10 Danielle Rimmer
57%
S11: 1st | S9: 8th Danielle Turner
57%
MC5 Daniel McGuffey
57%
S22: 11th Daniel Moss
57%
MC8 Daniel Pontes-Macedo
57%
AI14 Daniel Seavey
57%
S19 Dave Ball
57%
S20: 1st Dave Brown Jr
57%
S4: 8th Dave Cottingham
57%
S15 Dave Cruser
57%
S20: 10th Dave Gregg
57%
S1: 8th Dave Groark
57%
S6 Dave Johnson
57%
S2: 5th Dave Lepeska
57%
HK6 Dave Levey
57%
MC3 Dave Mack
57%
S22: 8th | S24: 1st Dave O’Leary
57%
S9: 7th Dave Spiker
57%
S8: 8th David Alverson
57%
AI7 David Archuleta
57%
CA4 David Cassidy
57%
S10: 6th | S11: 9th David Conley Jr.
57%
AI7 David Cook
57%
S4: 3rd David Dean
57%
BB15 David Girton
57%
AP1 David Gould
57%
AI7 David Hernandez
57%
AP7 David Johnson
57%
BB4 David Lane
57%
MC3 David Martinez
57%
MC1 David Miller
57%
S22 David Murphy
57%
S28 David Samson
57%
MC7 David Williams
57%
S33 David Wright
57%
AP6 Derek Arteta
57%
S3: 4th Derek Riker
57%
BB16 Devin Shepherd
57%
HK16 Devin Simpson
57%
AI12 Devin Velez
57%
S12: 3rd Donald Jerousek
57%
HK10 Don Savage
57%
S6: 8th Don St. Claire
57%
S11: 10th | S1: 4th Drew Feinberg
57%
HK7 Ed Battaglia
57%
CA8 Eric Dickerson
57%
S30: 6th Eric Guiffreda
57%
MC7 Eric Howard
57%
BB6 Eric Littmann
57%
BB3 Eric Ouellette
57%
S15: 12th Eric Paskel
57%
S11: 1st | S9: 2nd Eric Sanchez
57%
BB8 Eric Stein
57%
S5 Erin Collins
57%
AP3 Erin Elmore
57%
S18 Erinn Lobdell
57%
S28: 8th Erin Robinson
57%
MC2 Erryn Cobb
57%
HK13 Frank Bilotti
57%
HK15 Frank Cala
57%
BB14, S18 Frank Eudy
57%
S3 Frank Garrison
57%
HK7 Fran Klier
57%
AP6 Frank Lombardi
57%
S1: 2nd Frank Mesa
57%
MC3 Frank Mirando
57%
S9: 5th Fran Lazarus
57%
BB1, BB7 George Boswell
57%
AI3 George Huff
57%
CA5 George Takei
57%
S17 Gillian Larson
57%
BB4 Jack Owens
57%
S10: 1st James Branaman
57%
S9 James “Chad” Crittenden
57%
S15, S16, S20 James Clement
57%
S21: 2nd James Davis
57%
AP4 James Dillon
57%
AI10 James Durbin
57%
BB17, BB18 James Huling
57%
S36 James Lim
57%
S21: 6th James LoMenzo
57%
CBB1 James Maslow
57%
S10 James Miller
57%
MC4 James Nelson
57%
BB6, BB7 James Rhine
57%
AP6 James Sun
57%
AP7 James Weir
57%
BB9 James Zinkand
57%
S24 Jay Byars
57%
S21: 2nd Jaymes Vaughan
57%
HK7 Jay Santos
57%
S33 Jay Starrett
57%
AI13 Jena Irene
57%
S36 Jenna Bowman
57%
MC1 Jenna Hamiter
57%
S1, S8 Jenna Lewis
57%
S19: 10th | S6, S8 Jenna Morasca
57%
S17: 10th Jenna Sykes
57%
MC2 Jennifer Behm
57%
AP2 Jennifer Crisafulli
57%
S14: 11th Jennifer Hopka
57%
AI3 Jennifer Hudson
57%
AP2 Jennifer Massey
57%
AP4 Jennifer Murphy
57%
BB5, BB7 Jennifer “Nakomis” Dedmon
57%
HK9, 17 Jennifer Normant
57%
HK13 Jennifer Salhoff
57%
BB6 Jennifer Vasquez
57%
AP4 Jennifer Wallen
57%
S22: 4th | S24: 2nd Jennifer Wayne
57%
MC8 Jennifer Williams
57%
S19: 7th Jennifer Young
57%
HK16 Jessica Boynton
57%
HK1 Jessica Cabo
57%
S14 Jessica DeBen
57%
S13 Jessica “Flicka” Smit
57%
BB19 | S30: 1st Jessica Graf
57%
S22: 9th | S24: 7th Jessica Hoel
57%
BB8 Jessica Hughbanks
57%
S35 Jessica Johnston
57%
HK11 | S33 Jessica Lewis
57%
AI13 Jessica Meuse
57%
AI11 Jessica Sanchez
57%
AI4 Jessica Sierra
57%
S15: 11th Jessica Stout
57%
S28: 9th Jessica VerSteeg
57%
HK12 Jessica Vogel
57%
S11: 11th | S3: 5th Jill Aquilino
57%
S21 Jill Behm
57%
S17: 3rd Jill Haney
57%
S6: 6th Jonathan Baker
57%
S26: 9th Jonathan Knight
57%
S10 Jonathan Libby
57%
S13, S16, S25 Jonathan Penner
57%
HK9 Jonathan Plumley
57%
S17: 9th Jonathan Schwartz
57%
S9: 4th Joseph Meadows
57%
HK6 Joseph Tinnelly
57%
BB4 Jun Song
57%
HK10 Justin Antiorio
57%
MC6 Justin Banister
57%
BBOTT Justin Duncan
57%
BB4 Justin Giovinco
57%
AI1 Justin Guarini
57%
S15: 9th | S18: 4th Justin Kanew
57%
S27: 2nd Justin Scheman
57%
BB2 Justin Sebik
57%
S19: 7th Justin Young
57%
S3: 3rd Ken Duphiney
57%
S13: 2nd Ken Greene
57%
S17 Ken Hoang
57%
S33 Ken McNickle
57%
S8: 10th Kenneth Black
57%
S5 Ken Stafford
57%
S8: 10th Kimberly Black
57%
S23: 6th Kim DeJesus
57%
S3 Kim Johnson
57%
S5: 1st Kim McAllister
57%
S10 Kim Mullen
57%
S3 Kim Powers
57%
S1: 10th Kim Smith
57%
S24 Kim Spradlin
57%
S24 Kourtney Moon
57%
S25: 5th Kym Perfetto
57%
CA7 Leeza Gibbons
57%
S7 Lillian Morris
57%
MC7 Lisa-Ann Marchesi
57%
BB3 Lisa Donahue
57%
S9: 10th Lisa Hinds
57%
S9 Lisa Keiffer
57%
HK8 Lisa LaFranca
57%
CA5 Lisa Lampanelli
57%
CA8 Lisa Leslie
57%
S15: 12th Lisa Paskel
57%
CA4,6 Lisa Rinna
57%
S25: 11th Lisa Thomson
57%
S19: 9th Lisa Tilley
57%
AI5 Lisa Tucker
57%
S25 Lisa Whelchel
57%
AP7 Liza Mucheru-Wisner
57%
S19: 8th Liz Canavan
57%
S29: 6th Liz Espey
57%
S19 Liz Kim
57%
S32 Liz Markhan
57%
BB17 Liz Nolan
57%
CA5 Lou Ferrigno
57%
HK4 Louis Petrozza
57%
HK15,17 Manda Palomino
57%
S17 Marcus Lehman
57%
S19: 3rd Marcus Pollard
57%
AP2 Maria Boren
57%
S15: 6th Maria Ho
57%
CA3 Maria Kanellis
57%
S6: 10th Maria Sampogna
57%
HK7 Maria Torrisi
57%
S13: 8th Marisa Axelrod
57%
S19 Marisa Calihan
57%
AP6 Marisa DeMato
57%
CBB1 Marissa Jaret Winokur
57%
S27 Marissa Peterson
57%
AP4 Markus Garrison
57%
S22: 2nd Max Bichler
57%
S30 Max Dawson
57%
MC2 Max Kramer
57%
CA5 Michael Andretti
57%
MC3 Michael Chen
57%
BBOTT Michael “Cornbread” Ligon
57%
BB5 Michael “Cowboy” Ellis
57%
HK12 Michael DeMarco
57%
BB6 Michael Donnellan
57%
HK14 Michael Dussault
57%
HK12 Michael Gabriel
57%
S3: 8th Michael Ilacqua
57%
S24 Michael Jefferson
57%
AI7 Michael Johns
57%
CA3 Michael Johnson
57%
AI16 Michael J. Woodard
57%
HK11 Michael Langdon
57%
AP5 Michael Laungani
57%
AI9 Michael Lynche
57%
S14: 5th Michael Munoz
57%
S16: 4th Michael Naylor
57%
S29: 6th Michael Rado
57%
AI8 Michael Sarver
57%
S2, 25 Michael Skupin
57%
S26 Michael Snow
57%
AP3 Michael Tarchi
57%
S25: 9th Michael Ward
57%
HK1 Michael Wray
57%
S17: 7th Michael Wu
57%
S36 Michael Yerger
57%
HK12 Mike Aresta
57%
BB2, BB7, BB14 Mike Boogie Malin
57%
S19 Mike Borassi
57%
S22 Mike Chiesl
57%
S26: 4th Mike Dombrowski
57%
BB8 Mike Dutz
57%
S30 Mike Halloway
57%
MC3 Mike Hill
57%
MC1 Mike Kim
57%
BB5 Mike Lubinski
57%
MC8 Mike Newton
57%
S14: 6th | S18: 10th Mike White
57%
S35 Mike Zahalsky
57%
S17: 1st Nat Strand
57%
S2 Nick Brown
57%
S17: 4th Nick DeCarlo
57%
AI14 Nick Fradiani
57%
AUS3 Nick Iadanaza
57%
S8: 1st Nick Linz
57%
S32 Nick Maiorano
57%
MC6 Nick Nappi
57%
HK14,17 Nick Peters Bond
57%
S13: 1st Nick Spangler
57%
S12 Nick Stanbury
57%
BB8 Nick Starcevic
57%
BB15 Nick Uhas
57%
AP1 Nick Warnock
57%
S12: 3rd Nicolas Fulks
57%
S12: 10th Pat Hendrickson
57%
S1: 9th Pat Pierce
57%
S4 Patricia Jackson
57%
S35 Patrick Bolton
57%
HK10 Patrick Cassata
57%
S7: 8th Patrick Vaughn
57%
HK16 Pat Tortorello
57%
BB18,19 Paul Abrahamian
57%
S1: 7th Paul Alessi
57%
AI12 Paul Jolley
57%
AI10 Paul McDonald
57%
HK9 Paul Niedermann
57%
CA5 Paul Teutul Sr.
57%
S33 Paul Wachter
57%
S33 Rachel Ako
57%
HK2 | S20: 1st Rachel Brown
57%
S27 Rachel Foulger
57%
S17: 8th Rachel Johnston
57%
S28: 6th Rachel King
57%
BB6 Rachel Plencner
57%
S24: 3rd Rachel Reilley
57%
BB12, BB13 | S20: 3rd Rachel Reilly
57%
S12: 1st Rachel Rosales
57%
BB20 Rachel Swindler
57%
S8: 3rd Rachel Weaver
57%
HK12 Ralph Johnson
57%
S20: 4th Ralph Kelley
57%
S22 Ralph Kiser
57%
HK1 Ralph Ragano
57%
MC9 Ralph Xavier Degala
57%
HK12 Richard Mancini
57%
S27: 7th Rick Chac
57%
S23 Rick Nelson
57%
S12: 2nd | S18: 7th Ron Hsu
57%
S17: 11th Ron Kellum
57%
S15: 10th Ron Shalita
57%
S7: 3rd Ron Young
57%
S19: 11th Ron Zeitz
57%
BB20 Sam Bledsoe
57%
AUS4 Sam Gash
57%
S15: 2nd Sam McMillen
57%
MC8 Sam Reiff-Pasarew
57%
AP1 Sam Solovey
57%
AUS3 Sam Webb
57%
AI13 Sam Woolf
57%
S21 Sash Lenahan
57%
MC1 Slim Dung Huynh
57%
S10, S11, S20 Stephenie LaGrossa
57%
S17 Sugar Kiper
57%
AI5 Taylor Hicks
57%
S33 Taylor Lee Stocker
57%
MC9 Taylor Waltmon
57%
S30: 8th Tim Janus
57%
S23: 2nd Tim Sweeney
57%
S25: 6th Tim Tsao
57%
AI9 | AP6 Tim Urban
57%
S23: 7th Tim Wiyinger
57%
S8: 8th Tony Aiello
57%
MC1 Tony Carbone
57%
HK6 Tony D’Alessandro
57%
S8: 5th Tony Paolo
57%
MC2 Tony Schruggs
57%
S17: 11th Tony Stovall
57%
S28, S34 Tony Vlachos
57%
S26: 1st Tyler Adams
57%
BB20 Tyler Crispen
57%
S10: 1st Tyler Denk
57%
S30 Tyler Fredrickson
57%
S9: 1st Tyler MacNiven
57%
S28: 3rd Tyler Oakley
57%
MC5 Tyler Viars
57%
S13: 7th Ty White
57%
HK4 Vanessa Gunnell
57%
S20: 4th Vanessa Macias
57%
AI2 Vanessa Olivarez
57%
BB17 Vanessa Rousso
57%
HK15 Vanessa Soltero
57%
S6: 6th Victoria Alynette Fuller
57%
CA5 Victoria Gotti
57%
S14: 9th Victoria Hunt
57%
BB16 Victoria Rafaeli
57%
MC5 Victoria Scroggins
57%
S3: 1st Zach Behr
57%
S28: 6th Zach King
57%
BB16 Zach Rance
57%
BB8 Zach Swerdzewski
57%
HK11 Zach Womack
57%
S19: 6th Zac Sunderland
57%
S21: 5th Abbie Ginsberg Nabel
43%
S25, S31 Abi Maria Gomez
43%
S23 Albert Destrade
43%
S29 Alec Christy
43%
S32 Alecia Holden
43%
MC9 Alecia Winters
43%
AI8 Alexis Grace
43%
S16 Alexis Jones
43%
S28 Alexis Maxwell
43%
S2, S8 Alicia Calaway
43%
S24 Alicia Rosa
43%
BB4, BB7 Alison Irwin
43%
HK14 Alison Rivera
43%
S25: 5th Alli Forsythe
43%
AI8 Allison Iraheta
43%
BB9 Allison Nichols
43%
S26: 6th Aly Dudek
43%
S17: 10th Andie Dekroon
43%
S22, S26, S34 Andrea Boehlke
43%
MC7 Andrea Galan
43%
HK5 Andrea Heinly
43%
AP5 Andrea Lake
43%
S19: 4th Andy Finch
43%
BB15 Andy Herren
43%
HK6 Andy Husbands
43%
AP2 Andy Litinsky
43%
S22: 1st Anthony Battaglia
43%
AI4 Anthony Fedorov
43%
S13: 10th Anthony Marotta
43%
S14 Anthony Robinson
43%
HK11 Anthony Rodriguez
43%
S13: 11th Arthur Jones
43%
S20: 2nd Art Velez
43%
BB2 Autumn Daly
43%
HK7 Autumn Lewis
43%
S1 BB Anderson
43%
BB17 Becky Burgess
43%
S13 Becky Lee
43%
MC3 Becky Reams
43%
AI13 Ben Briley
43%
S19 Ben Browning
43%
S35 Ben Driebergen
43%
HK7,17 Benjamin Knack
43%
AUS4 Ben Morgan
43%
MC2 Ben Starr
43%
HK5, 17 Ben Walanka
43%
S10, S11 Bobby Jon Drinkard
43%
S21, S26 Brenda Lowe
43%
S1: 9th Brenda Mehta
43%
BB12, S13 | S20: 3rd | S24: 3rd Brendon Villegas
43%
AP5 Brent Buckman
43%
S16: 3rd Brent Horne
43%
S21: 1st Brent Ridge
43%
S8: 9th Brittney Rogers
43%
S25: 4th Brooke Adams
43%
S29: 1st Brooke Camhi
43%
S13: 8th Brooke Jackson
43%
AUS3 Brooke Jowett
43%
S11 Brooke Struck
43%
S12 Bruce Kanegai
43%
S7 Burton Roberts
43%
S14: 2nd | S18: 9th Cara Rosenthal
43%
S3 Carl Bilancione
43%
CA1 Carol Alt
43%
S18 Carolina Eastwood
43%
S22: 4th | S24: 2nd Caroline Cutbirth
43%
BB8 Carol Journey
43%
CA3 Carol Leifer
43%
S16: 5th Carol Rosenfeld
43%
HK5 Carol Scott
43%
S30 Carolyn Rivera
43%
HK9 Carrie Keep
43%
S14 Cassandra Franklin
43%
BB1 Cassandra Waldon
43%
BB13 Cassi Colvin
43%
S19: 5th Cathi Alden
43%
AI16 Catie Turner
43%
HK15 Chad Gelso
43%
S17: 5th Chad Waltrip
43%
S4: 1st Chip Arndt
43%
S5: 1st Chip McAllister
43%
S7 Christa Hastie
43%
MC2 Christian Collins
43%
MC5 Christian Green
43%
HK11 Christian Rosati
43%
S27: 7th Cindy Chac
43%
S19: 1st Cindy Chiang
43%
S4: 10th Cindy Duck
43%
S11 Cindy Hall
43%
AI2 | CA5 Clay Aiken
43%
BB17 Clay Honeycutt
43%
S5 Clay Jordan
43%
AP4 Clay Lee
43%
S28 Cliff Robinson
43%
S18, S20, S23 Coach Wade
43%
BB16 Cody Calafiore
43%
BB19 Cody NIckson
43%
S30: 1st Cody Nickson
43%
S28: 2nd Cole LaBrant
43%
S35 Cole Medders
43%
S5: 2nd Colin Guinn
43%
S22: 8th | S24: 1st Connor O’Leary
43%
S17, S26 Corinne Kaplan
43%
MC5 Courtney Lapresi
43%
S12 Courtney Marit
43%
S15, S20 Courtney Yates
43%
S2: 7th Cyndi Kalenberg
43%
CA3 Cyndi Lauper
43%
HK11 Cyndi Stanimirov
43%
S28: 1st Dana Borriello
43%
HK10, 17 Dana Cohen
43%
S16: 11th Dana Davis
43%
S25 Dana Lambert
43%
BB4 Dana Varela
43%
S2 Debb Eaton
43%
S18 Debbie Beebe
43%
S7: 9th Debbie Cloyed
43%
CA5 Debbie Gibson
43%
S32, S34 Debbie Wanner
43%
S5: 11th Dennis Frentsos
43%
S25: 10th Dennis Hour
43%
S3: 10th Dennis Hyde
43%
AI16 Dennis Lorenzo
43%
CA2,6 Dennis Rodman
43%
S36 Desiree Afuye
43%
S35 Desi Williams
43%
AUS3 Des Quilty
43%
S30: 11th Dessie Mitcheson
43%
S35 Devon Pinto
43%
MC7 Diana Bilow
43%
S27: 2nd Diana Bishop
43%
AI3 Diana DeGarmo
43%
BB8, S13 Dick Donato
43%
S1 Dirk Been
43%
S14 Dreamz Herd
43%
S29 Drew Christy
43%
BB5 Drew Daniel
43%
S3: 4th Drew Riker
43%
S26 Eddie Fox
43%
MC4 Eddie Jackson
43%
HK15 Eddie Jaskowiak
43%
HK3 Eddie Langley
43%
BB1 Eddie McGee
43%
S2 Elisabeth Filarski
43%
HK9 Elizabeth Bianchi
43%
MC5 Elizabeth Cauvel
43%
AP2 Elizabeth Jarosz
43%
S9, S16 Eliza Orlins
43%
MC9 Emily Hallock
43%
S1: 5th Emily Hoyt
43%
HK8 Emily Kitchins
43%
AI13 Emily Piriz
43%
S14 Erica Durousseau
43%
S5: 11th Erika Shay
43%
AI11 Erika Van Pelt
43%
S3: 9th Eve Madison
43%
S22, S26 Francecsa Hogi
43%
S29: 10th Francesca Piccoli
43%
S6: 1st Freddy Holliday
43%
S4 Gabriel Cade
43%
CA4,6 Gary Busey
43%
S17: 6th | S18: 3rd Gary Ervin
43%
S11 Gary Hogeboom
43%
S2: 5th Gary Rosen
43%
S14 Gary Stritesky
43%
S15: 5th Gary Tomljenovich
43%
S21: 8th Gary Wojnar
43%
S22 Grant Mattos
43%
S1 Greg Buis
43%
S10 Gregg Carey
43%
S7: 6th Greg Smith
43%
AP6 Heidi Androl
43%
AP1 Heidi Bressler
43%
S7: 10th Heidi Heidel
43%
HK16 Heidi Parent
43%
S6 Heidi Strobel
43%
S16: 8th Heidi Wang
43%
MC3 Helene Leeds
43%
S5 Helen Glover
43%
BB15 Helen Kim
43%
AUS4 Henry Nicholson
43%
S30: 2nd Henry Zhang
43%
S4 Hunter Ellis
43%
S8: 7th Hunter Schroeder
43%
HK15 Jackie Fuchs
43%
BB17 | S26: 7th Jackie Ibarra
43%
AUS4 Jacqui Patterson
43%
S23: 1st Jason Case
43%
AI7 Jason Castro
43%
AP1 Jason Curis
43%
BB19 Jason Dent
43%
HK7 Jason Ellis
43%
BB3 Jason Guy
43%
BB17, BBOTT Jason Roy
43%
S16 Jason Siska
43%
HK4 Jason Underwood
43%
MC8 Jason Wang
43%
S12: 8th Jason Wildener
43%
HK9,12 Jason Zepaltas
43%
BB20 JC Mounduix
43%
S5 Jed Hildebrand
43%
S19: 2nd Jeremy Cline
43%
S29, S31 Jeremy Collins
43%
HK11 Jeremy Madden
43%
BB15 Jeremy McGuire
43%
AI11 Jeremy Rosado
43%
S9: 2nd Jeremy Ryan
43%
HK8 Jillian Flathers
43%
BB19 Jillian Parker
43%
AUS4 Joan Caballero
43%
HK3 Joanna Dunn
43%
S6 JoAnna Ward
43%
CA2 Joan Rivers
43%
S27: 1st Joey Buttitta
43%
S30: 8th Joey Chestnut
43%
AI14 Joey Cook
43%
S29: 2nd Joey Covino
43%
S22: 5th | S24: 9th Joey Graceffa
43%
S20: 7th Joey Lasalla
43%
BB16 Joey Van Pelt
43%
CA7 Johnny Damon
43%
HK16 Johnny McDevitt
43%
MC4 Jonny Blanchard
43%
AI16 Jonny Brenns
43%
MC5 Jordan Kaminski
43%
BB11, S13 | S16: 7th Jordan Lloyd
43%
S16: 1st Jordan Pious
43%
MC4 Jordan Roots
43%
AI6 Jordin Sparks
43%
BB12 Kathy Hillis
43%
S3: 8th Kathy Perez
43%
MC4 Kathy Prieto
43%
S16 Kathy Sleckman
43%
S4, S8 Kathy Vavrick-O’Brien
43%
S22: 2nd Katie Bichler
43%
S27 Katie Collins
43%
MC7 Katie Dixon
43%
S10 Katie Gallagher
43%
S25 Katie Hanson
43%
HK13 Katie McKeown
43%
S17: 8th Katie Seamon
43%
AI9 Katie Stevens
43%
S2 Kel Gleason
43%
S21: 7th Kelley Carrington-French
43%
S29, S31 Kelley Wentworth
43%
S10: 10th Kellie Patterson
43%
S27: 11th Kelly Berning
43%
S21 Kelly Bruno
43%
AI1 Kelly Clarkson
43%
S13: 6th Kelly Crabb
43%
S17 Kelly Czarnecki
43%
S3 Kelly Goldsmith
43%
S7: 3rd Kelly McCorkle
43%
S4: 2nd Kelly Parks
43%
AP2 Kelly Perdew
43%
S30 Kelly Remington
43%
S19 Kelly Sharbaugh
43%
S21 Kelly Shinn
43%
AP7 Kelly Smith Beaty
43%
S1, S31 Kelly Wiglesworth
43%
S6: 1st Kendra Bentley
43%
AP3 Kendra Todd
43%
AP2 Kevin Allen
43%
BB11 Kevin Campbell
43%
HK6 Kevin Cottle
43%
AI5 Kevin Covais
43%
CA7 Kevin Jonas
43%
S8: 8th Kevin Kempskie
43%
S29: 11th Kevin Ng
43%
S11: 10th | S1: 4th Kevin O’Connor
43%
HK15 Kevin Ridlon
43%
BB19 Kevin Schlehuber
43%
S17: 7th Kevin Wu
43%
CA2 Khloe Kardashian
43%
HK16 Kimberly-Ann Ryan
43%
S27: 4th Krista DeBono
43%
S22 Krista Klumpp
43%
BB2 Krista Stegall
43%
AP6 Kristine Lefebvre
43%
S32 Kyle Jason
43%
AUS3 Kylie Evans
43%
HK5 LA Limtiaco
43%
S5: 7th Lance Hudes
43%
S15: 8th Lance Layne
43%
S26 Laura Alexander
43%
S27 Laura Boneham
43%
BB11 Laura Crosby
43%
S19, S27 Laura Morett
43%
S26: 1st Laura Pierson
43%
AI10 Lauren Alaina
43%
S8: 2nd Lauren Bransen
43%
S10: 9th Lauren Marcoccio
43%
S35 Lauren Rimmer
43%
S9 Lea “Sarge” Masters
43%
S3, S8 Lex van den Berghe
43%
S14: 10th Linda Cole
43%
S5: 4th Linda Ruiz
43%
S3 Linda Spencer
43%
S8: 3rd Linda Weaver
43%
S28 LJ McKansas
43%
HK8 Louis Repucci
43%
MC4 Luca Manfe
43%
S33 Lucy Huang
43%
S14: 3rd | S18: 8th | S24: 8th Luke Adams
43%
AUS4 Luke Toki
43%
AI16 Mara Justine
43%
S11 Margaret Bobonich
43%
S21: 6th Mark “Abba” Abbattista
43%
MC9 Mark Ingraham
43%
S20: 5th | S24:10th Mark Jackson
43%
BB19 Mark Jansen
43%
AP4 Mark Lamkin
43%
CA4 | CBB1 Mark McGrath
43%
S14: 5th Mark Munoz
43%
S23 Mark “Papa Bear” Caruso
43%
HK15 Mark Paras
43%
MC2 Mark Raffaeli
43%
S8: 7th Mark Schroeder
43%
AUS4 Mark “Tarzan” Herlaar
43%
MC8 Mark Togni
43%
AUS4 Mark Wales
43%
S13: 9th Mark Yturralde
43%
S5: 7th Marshall Hudes
43%
S5: 9th Marsha McCoy
43%
S6: 8th Mary Jean St. Claire
43%
S26 Matt Bischoff
43%
HK4 Matt Bloch
43%
S26: 5th Matt Cucolo
43%
S22: 11th Matt Davis
43%
S22 Matt Elrod
43%
AI8 Matt Giraud
43%
S8: 8th Matt Hanson
43%
HK16 Matt Hearn
43%
BB19 Matthew Clines
43%
S6 Matthew von Ertfelda
43%
BB12 Matt Hoffman
43%
MC9 Matt Houck
43%
CA8 Matt Iseman
43%
S29: 4th Matt Ladley
43%
BB9 Matt McDonald
43%
S24 Matt Quinlan
43%
S1: 11th Matt Robar
43%
S28: 1st Matt Steffanina
43%
AUS3 Matt Tarrant
43%
S15: 5th Matt Tomljenovich
43%
HK15 Meese Davis
43%
HK8 Melissa Doney
43%
HK3 Melissa Firpo
43%
AP4 Melissa Holovach
43%
AI5 Melissa McGhee
43%
CA2 Melissa Rivers
43%
S7: 4th Meredith Smith
43%
S6: 10th Meredith Tufaro
43%
S19 Mick Trimming
43%
S15: 7th Mika Combs
43%
S16 Mikey B Bortone
43%
HK7 Mikey Termini
43%
S29 Missy Payne
43%
S25: 2nd Misti Raman
43%
S12 Misty Giles
43%
S4: 7th Monica Ambrose
43%
BB2 Monica Bailey
43%
S9: 4th Monica Cayce
43%
S24, S27 Monica Culpepper
43%
S19 Monica Padilla
43%
HK14 Monique Booker
43%
S16: 9th Monique Pryor
43%
S11 Morgan McDevitt
43%
S28 Morgan McLeod
43%
S36 Morgan Ricke
43%
BBOTT Morgan Willett
43%
S21: 4th | S24: 11th | S29 Natalie Anderson
43%
HK9 Natalie Blake
43%
S16 Natalie Bolton
43%
BB5 Natalie Carroll
43%
BB9 Natalie Cunial
43%
CA2 Natalie Gulbis
43%
BB11 Natalie Martinez
43%
BB18 Natalie Negrotti
43%
S22 Natalie Tenerelli
43%
S19 Natalie White
43%
MC7 Nathan Barnhouse
43%
S12: 4th Nathan Hagstrom
43%
BB4 Nathan Marlow
43%
S24 Nina Acosta
43%
S30 Nina Poersch
43%
BB18 Paulie Calafiore
43%
HK16 Paulie Giganti Jr.
43%
CA5,6 Penn JIllette
43%
S5 Penny Ramsey
43%
AI11 Phillip Phillips
43%
S22, S26 Phillip Sheppard
43%
AI6 Phil Stacey
43%
S17, S20 Randy Bailey
43%
HK14 Randy Bell
43%
BB19 Raven Walton
43%
AI14 Rayvon Owen
43%
S5 Robb Zbacnik
43%
S6, S8 Rob Cesternino
43%
S10: 2nd Rob Diaz
43%
S4 Robert DeCanio
43%
HK5, 6 Robert Hesse
43%
BB4 Robert Roman
43%
AP2 Rob Flanagan
43%
S21: 7th Rob French
43%
S1: 1st Rob Frisbee
43%
S11: 8th | S4, S8, S20, S22 | S7: 2nd Rob Mariano
43%
HK8 Rob McCue
43%
S21: 11th Rob Scheer
43%
HK3 Rock Harper
43%
S1, S8 Rudy Boesch
43%
S7, S8, S20, S27 Rupert Boneham
43%
S6 Ryan Aiken
43%
MC9 Ryan Cortez
43%
S21: 5th Ryan Danz
43%
S7 Ryan Opray
43%
S7: 11th Ryan Phillips
43%
BB9 Ryan Quicksall
43%
S7 Ryan Shoulders
43%
AI1 Ryan Starr
43%
S35 Ryan Ulrich
43%
MC3 Ryan Umane
43%
S12 Sally Schumann
43%
MC9 Sal Maida
43%
S18 Sandy Burgin
43%
S19: 2nd Sandy Draghi
43%
AP2 Sandy Ferreira
43%
S29: 8th Sara Fowler
43%
HK14 Sarah Baumert
43%
S25 Sarah Dawson
43%
BB6 Sarah Hrejsa
43%
S4 Sarah Jones
43%
S28, S34 Sarah Lacina
43%
S13: 5th Sarah Leshner
43%
HK2 Sara Horowitz
43%
S10: 7th Sarah Reinertsen
43%
AUS4 Sarah Tilleke
43%
S30: 10th Sarah Williams
43%
MC6 Sara Zacek
43%
S32 Scot Pollard
43%
S9: 11th Scott Braginton-Smith
43%
HK12 Scott Commings
43%
BBOTT Scott Dennis
43%
S29: 1st Scott Flanary
43%
S28: 7th Scott Fowler
43%
CA2 Scott Hamilton
43%
HK7 Scott Hawley
43%
BB5 Scott Long
43%
AI8 Scott MacIntyre
43%
AI4 Scott Savol
43%
S25: 9th Scott Strazzullo
43%
BB4 Scott Weintraub
43%
S1 Sean Kenniff
43%
S4 Sean Rector
43%
AP5 Sean Yazbeck
43%
BBOTT Shane Chapman
43%
BB14 Shane Meaney
43%
S23: 10th Shane Partlow
43%
S12 Shane Powers
43%
MC7 Shaun O’Neale
43%
S7 Shawn Cohen
43%
S16: 9th Shawne Morgan
43%
CA7 Shawn Johnson
43%
S30: 9th Shawn Marion
43%
S30 So Kim
43%
AP6 Stefani Schaeffer
43%
AP7 Stephanie Castagnier
43%
S5 Stephanie Dill
43%
AI6 Stephanie Edwards
43%
S36 Stephanie Gonzalez
43%
S36 Stephanie Johnson
43%
S13: 10th Stephanie Kacandes
43%
AP3 Stephanie Myers
43%
S17: 5th Stephanie Smith
43%
S22 Stephanie Valencia
43%
MC9 Stephanie Willis
43%
MC5 Stephani Syfax-Shepherd
43%
S13 Stephannie Favor
43%
CA1,6 Stephen Baldwin
43%
S18, S31 Stephen Fishbach
43%
MC6 Stephen Lee
43%
AUS3 Sue Clarke
43%
S1 Sue Hawk
43%
HK11 Susan Fierro
43%
S7: 8th Susan Vaughn
43%
MC3 Tanya Noble
43%
S5 Tanya Vance
43%
S29: 2nd Tara Carr
43%
AP3 Tara Dowdell
43%
S2: 2nd Tara Lynch
43%
AUS4 Tara Pitt
43%
S5 Ted Rogers Jr.
43%
S3 Teresa Cooper
43%
CA5 Teresa Giudice
43%
CA1 Tiffany Fallon
43%
HK10 Tiffany Johnson
43%
S15: 6th Tiffany Michelle
43%
HK3 Tiffany Nagel
43%
BB18 Tiffany Rousso
43%
S27: 4th Tiffany Torres
43%
MC6 Veronica Cili
43%
S17: 4th Vicki Casciola
43%
CA8 Vince Neil
43%
S30 Vince Sly
43%
S21 Wendy Jo DeSmidt-Kohlhoff
43%
HK1 Wendy Liu
43%
HK16 Wendy Mendez
43%
S19 Yasmin Giles
43%
S25 Zane Knight
43%
S33 Zeke Smith
43%
AP6 Aaron Altscher
29%
S6: 4th Aaron Crumbaugh
29%
S3: 7th Aaron Goldschmidt
29%
AI9 Aaron Kelly
29%
HK13 Aaron Lhamon
29%
S15 Aaron Reisberger
29%
HK16 Aaron Smock
29%
HK3 Aaron Song
29%
S17 Ace Gordon
29%
AI5 Ace Young
29%
BB5 Adria Klein
29%
S16: 11th Adrian Davis
29%
MC2 Adrien Nieto
29%
AI1 AJ Gil
29%
S35 Alan Ball
29%
HK15 Alan Parker
29%
S21 Alina Wilson
29%
S5: 10th Alison Irwin
29%
AP4 Alla Wartenberg
29%
S16: 6th Allie Smith
29%
HK12 Anton Testino
29%
BB10 April Dowling
29%
S30: 10th April Gould
29%
BB6 April Lewis
29%
S12, S27 Aras Baskauskas
29%
CBB1 Ariadna Gutierrez
29%
S12: 11th Ari Bonias
29%
S10: 11th Arti Patel
29%
S25 Artis Sylvester
29%
CA5 Aubrey O’Day
29%
S32, S34 Aubry Bracco
29%
AP3 Audrey Evans
29%
BB17 Audrey Middleton
29%
S8: 10th Austin Black
29%
S12 Austin Carty
29%
BB17 Austin Matelson
29%
S9: 5th Barry Lazarus
29%
AUS3 Barry Lea
29%
S29 Baylor Wilson
29%
S21 Benry Henry
29%
S19 Betsy Bolan
29%
AUS3 Bianca Anderson
29%
S7: 9th Bianca Smith
29%
S9: 1st BJ Averell
29%
AI6 Blake Lewis
29%
S2: 3rd Blake Mycoskie
29%
S11 Blake Towsly
29%
HK3 Bonnie Muirhead
29%
S14 Boo Bernis
29%
S27, S34 Brad Culpepper
29%
S14: 9th Brad Hunt
29%
HK3 Brad Miller
29%
S13 Brad Virata
29%
S9 Brady Finta
29%
CA2,6 Brande Roderick
29%
CA7 Brandi Galnville
29%
CBB1 Brandi Glanville
29%
MC7 Brandi Mudd
29%
HK9 Brendan Heavey
29%
HK14 Brendan Pelley
29%
S36 Brendan Shapiro
29%
S18 Brendan Synnott
29%
HK10 Briana Swanson
29%
S11 Brianna Varela
29%
MC6 Brianna Watson
29%
S28 Brice Johnston
29%
BB18 Bridgette Dunning
29%
S6 Butch Lockley
29%
S16: 3rd Caite Upton
29%
MC8 Caitlin Jones
29%
S21: 9th Caitlin King
29%
S27 Caleb Bankston
29%
AI13 Caleb Johnson
29%
AI16 Caleb Lee Hutchinson
29%
BB16 | S32, S34 Caleb Reynolds
29%
S18 Candace Smith
29%
S13, S20, S27 Candice Cody
29%
AI12 Candice Glover
29%
BB15 Candice Stewart
29%
S13 Cao Boi Bui
29%
S8: 6th Carissa Gaghan
29%
AI7 Carly Smithson
29%
S25 Carter Williams
29%
S10 Caryn Grodel
29%
MC8 Cate Meade
29%
S33 CeCe Taylor
29%
S13 Cecilia Mansilla
29%
S11: 3rd | S5: 6th Charla Faddoul
29%
MC6 Charlie Chapman
29%
S17 Charlie Herschel
29%
HK5 Charlie McKay
29%
S8: 7th Char Schroeder
29%
S21 Chase Rice
29%
S20: 10th Cherie Gregg
29%
S16 Chet Welch
29%
S15 Chicken Morris
29%
S14: 7th Christie Volkmer
29%
S5: 2nd Christie Woods
29%
S24 Christina Cha
29%
AI1 Christina Chirstian
29%
S12: 2nd | S18: 7th Christina Hsu
29%
HK4 Christina Machamer
29%
HK10 Christina Wilson
29%
BB16 Christine Brecht
29%
MC2 Christine Corley
29%
S8: 4th Christine Godlewski
29%
MC3 Christine Ha
29%
HK14 Christine Hazel
29%
S23 Christine Shields
29%
MC5 Christine Silverstein
29%
S13: 6th Christy Cook
29%
S6 Christy Smith
29%
S27, S31, S34 Ciera Eastin
29%
S12, S16, S20, S34 Cirie Fields
29%
S17: 2nd Claire Champlin
29%
S2: 9th Claire Jinks
29%
S3 Clarence Black
29%
CA2,6 Claudia Jordan
29%
MC6 Claudia Sandoval
29%
S10 Coby Archa
29%
S2, S8, S20 Colby Donaldson
29%
HK5 Colleen Cleek
29%
S1 Colleen Haskell
29%
S24, S27 Colton Cumbie
29%
AI11 Colton Dixon
29%
BB18 Corey Brooks
29%
AI2 Corey Clark
29%
HK4 Corey Earling
29%
AUS3 Craig I’Anson
29%
HK4 Craig Schneider
29%
AP3 Craig Williams
29%
S13 Cristina Coria
29%
AI9 Crystal Bowersox
29%
S17 Crystal Cox
29%
S32 Cydney Gillon
29%
S29 Dale Wentworth
29%
S32 Darnell Hamilton
29%
S7 Darrah Johnson
29%
MC9 Darrick Krause
29%
BB17, BB18 Da’Vonne Rogers
29%
S23, S26 Dawn Meehan
29%
S7: 7th Deana Shane
29%
S4: 12th Debra Carmody
29%
S6 Deena Bennett
29%
CA5,6 Dee Snider
29%
S15 Denise Martin
29%
S25 Denise Stapley
29%
S27: 5th Denise Williams
29%
S8: 9th Denny Rogers
29%
BB16 Derrick Levasseaur
29%
MC6 Derrick Peltz
29%
MC2 Derrick Prince
29%
S9: 9th Desiree Cifre
29%
BB5, BB7 Diane Henry
29%
S3 Diane Ogden
29%
S8: 5th DJ Paolo
29%
S9 Dolly Neely
29%
S36 Domenick Abbate
29%
BB13 Dominic Briones
29%
S14 Earl Cole
29%
S14 Edgardo Rivera
29%
S23 Edna Ma
29%
MC5 Elise Mayfield
29%
AI11 Elise Testone
29%
HK9, 17 Elise Wims
29%
BB15 Elissa Slater
29%
AP1 Ereka Vetrini
29%
S15: 3rd Ericka Dunlap
29%
BB4, BB7 Erika Landin
29%
S19 Erik Cardona
29%
S15 Erik Huffman
29%
S16, S26 Erik Reichenbach
29%
S19: 10th | S3, S8 Ethan Zohn
29%
AUS3 Evan Jones
29%
S30: 2nd Evan Lynyak
29%
S21 Fabio Birza
29%
S33 Figgy Figueroa
29%
AUS3 Flick Egginton
29%
S3: 1st Flo Pesenti
29%
BB16 Frankie Grande
29%
S15 Frosti Zernow
29%
MC8 Gabriel Lewis
29%
S28 Garrett Adelstein
29%
AI16 Garrett Jacobs
29%
S15: 11th Garrett Paul
29%
HK2 Garrett Telle
29%
S1, S27 Gervase Peterson
29%
S5 Ghandia Johnson
29%
HK11 Gina Aloise
29%
S4 Gina Crews
29%
S3: 12th Gina Diggins
29%
AI6 Gina Glocksen
29%
HK9 Gina Melcher
29%
S1 Gretchen Cordy
29%
S7: 4th Gretchen Smith
29%
S6: 7th Gus McLeod
29%
S30, S34 Hali Ford
29%
S6: 4th Hayden Kristianson
29%
BB12 | S27 Hayden Moss
29%
BB16 Hayden Voss
29%
S26: 3rd Hayley Keel
29%
MC8 Heather Dombrosky
29%
S3: 9th Heather Mahar
29%
HK2 Heather West
29%
HK16 Heather Williams
29%
S6: 7th Hera McLeod
29%
S2: 11th Hillary Washington
29%
AI11 Hollie Cavanagh
29%
HK7 Holli Ugalde
29%
S21 Holly Hoffman
29%
BB5 Holly King
29%
CA3 Holly Robinson Peete
29%
S2: 10th Hope Davis
29%
S26 Hope Driskill
29%
CA4 Hope Dworaczyk
29%
S10 Ibrehem Rahman
29%
S25: 10th Isabelle Du
29%
BB6 Ivette Corredero
29%
S29 Jaclyn Schultz
29%
S36 Jacob Derwin
29%
BB9 Jacob Heald
29%
AI10 Jacob Lusk
29%
S17 Jacquie Berg
29%
S19 Jaison Robinson
29%
S5 Jake Billingsly
29%
MC1 Jake Gandolfo
29%
HK11 Ja’Nel
29%
S10 Janu Tornell
29%
AI8 Jasmine Murray
29%
AI3 Jasmine Trias
29%
S27: 8th Jazmine Lewis
29%
BB1 Jean Jordan
29%
S6 Jeanne Hebert
29%
S15 Jean-Robert Bellande
29%
HK1 Jeffrey Dewberry
29%
S28 Jeremiah Wood
29%
S16: 2nd | S18: 6th | S24: 5th Jet McCoy
29%
BB14 Jodi Rollins
29%
S14: 7th Jodi Wincheski
29%
S16: 10th Jody Kelly
29%
S16 Joel Anderson
29%
S1 Joel Klug
29%
S10 Jolanda Jones
29%
S24 Jonas Otsuji
29%
S11: 5th | S7: 1st Joyce Agu
29%
S5: 8th Joyce Nicolo
29%
HK12 Joy Parham-Thomas
29%
S13 JP Calderon
29%
HK13 JP DeDominicis
29%
S35 JP Hilsabeck
29%
HK13 JR Robinson
29%
S28 J’Tia Taylor
29%
S18, S20, S34 JT Thomas Jr
29%
BB15 Judd Daugherty
29%
S11 Judd Sergeant
29%
BB20 Kaitlyn Herman
29%
BB13 Kalia Booker
29%
S5: 5th Kami French
29%
S10: 4th | S11: 2nd Kandice Pelletier
29%
BB1 Karen Fowler
29%
BB5 Karen Ganci
29%
S5: 4th Karen Heins
29%
AI10 Karen Rodriguez
29%
S5: 5th Karli French
29%
S28, S31 Kass McQuillen
29%
AUS3 Kate Campbell
29%
CA7 Kate Gosselin
29%
S12: 10th Kate Lewis
29%
AUS4 Kate Temby
29%
AI5 Katharine McPhee
29%
AP1 Katrina Campins
29%
MC6 Katrina Kozar
29%
S35 Katrina Radke
29%
S30: 11th Kayla Fitzgerald
29%
S2 Keith Famie
29%
HK2 Keith Greene
29%
BB13 Keith Henderson
29%
S29, S31 Keith Nale
29%
S23 | S25:8th Keith Tollefson
29%
BB2 Kent Blackwelder
29%
S12: 5th | S18: 5th Kent Kaliber
29%
AUS4 Kent Nelson
29%
AI2 Kimberley Locke
29%
AI2 Kimberly Caldwell
29%
S10: 2nd Kimberly Chabolla
29%
HK16 Kimberly Roth
29%
HK10 Kimmie Willis Davenport
29%
S2, S31 Kimmi Kappenberg
29%
S28: 3rd Korey Kuhl
29%
AP4 Kristi Caudell
29%
AUS3 Kristie Bennett
29%
AP1 Kristi Frank
29%
S30: 3rd Kristi Leskinen
29%
S22 Kristina Kell
29%
S6: 9th Kristy Jensen
29%
AI7 Kristy Lee Cook
29%
BBOTT Kryssie Ridolfi
29%
S26: 8th Kurt Belcher
29%
S28: 5th Kurt Gibson
29%
CA8 Kyle Richards
29%
BB12 Lane Elenburg
29%
HK13 La Tasha McCutchen
29%
S9 Leann Slaby
29%
AP5 Lee Bienstock
29%
AUS3 Lee Carseldine
29%
AI9 Lee DeWyze
29%
AI15 Lee Jean
29%
MC1 Lee Knaz
29%
S6: 9th Lena Jensen
29%
S23: 4th | S24: 4th Leo Temory
29%
AP5 Leslie Bourgeois
29%
MC5 Leslie Gilliams
29%
S1: 10th Leslie Kellner
29%
S15 Leslie Nease
29%
HK8 Lewis Curtis
29%
S21: 3rd Lexi Beerman Wier
29%
S14 Lilliana Gomez
29%
MC9 Lindsay Haigh
29%
AI4 Lindsey Cardinale
29%
S30 Lindsey Cascaddan
29%
S28 Lindsey Ogle
29%
S3 Lindsey Richter
29%
S14 Lisi Linares
29%
S6: 5th Lori Chestnut Harvey
29%
BB3 Lori Olson
29%
BB5 Lori Valenti
29%
S9: 7th Lori Willems
29%
S11 Lydia Morales
29%
BB11 Lydia Tavera
29%
MC4 Lynn Chyi
29%
S7: 5th Lynn Warren
29%
S10: 3rd Lyn Turk
29%
S20: 11th Maiya Tanaka
29%
S25, S26, S34 Malcolm Freberg
29%
MC4 Malcolm Green
29%
S17: 6th | S18: 3rd | S24: 10th Mallory Ervin
29%
S2 Maralyn Hershey
29%
S14: 3rd Margie Adams
29%
S18: 8th | S24: 8th Margie O’Donnell
29%
S28: 11th Marty Cobb
29%
S21 Marty Piombo
29%
S10: 6th | S11: 9th Mary Conley
29%
S2: 6th Mary Lenig
29%
HK11 Mary Poehnelt
29%
S16 Mary Sartain
29%
AI3 Matthew Rogers
29%
S17 Matty Whitmore
29%
S25: 1st Maya Warren
29%
BB17 Meg Maley
29%
AI6 Melinda Doolittle
29%
S12 Melinda Hyder
29%
HK6 Melinda Meaney
29%
S9 Mia Galeotalanza
29%
S33, S34 Michaela Bradshaw
29%
AI4 Mikalah Gordon
29%
S23 Mikayla Wingle
29%
S4: 5th Millie Smith
29%
HK14, 17 Milly Medley
29%
S11: 3rd | S5: 6th Mirna Hindoyan
29%
S2 Mitchell Olsen
29%
S22: 3rd Mona Hinman-Egender
29%
S14 Mookie Lee
29%
S21: 4th | S24: 11th | S29 Nadiya Anderson
29%
S21 NaOnka Mixon
29%
S13 Nate Gonzalez
29%
BB9 Neil Garcia
29%
S4 Neleh Dennis
29%
CA4 NeNe Leakes
29%
CA4 Niki Taylor
29%
AI1 Nikki McKibbin
29%
S29: 9th Olive Beauregard
29%
CA1,6 Omarosa
29%
CBB1 Omarosa Manigault
29%
AP1 Omarosa Manigault-Stallworth
29%
S7 Osten Taylor
29%
S13, S16, S23, S34 Ozzy Lusth
29%
S17 Paloma Soto-Castillo
29%
S22: 7th Pam Chien
29%
AP2 Pamela Day
29%
AI5 Paris Bennett
29%
S13, S16, S20 Parvati Shallow
29%
S4 Paschal English
29%
CA5 Patricia Velasquez
29%
HK5 Paula DaSilva
29%
S15, S31 Peih-Gee Law
29%
S32 Peter Baggenstos
29%
AUS4 Peter Conte
29%
AUS3 Peter Fiegehen
29%
S4 Peter Harkey
29%
S10: 7th Peter Harsch
29%
S25 Pete Yurkowski
29%
BB13 Porsche Briggs
29%
S11 Rafe Judkins
29%
AP2 Raj Bhakta
29%
HK8 Raj Brandston
29%
S1 Ramona Gray
29%
AP4 Randal Rinkett
29%
HK11 Ray Alongi
29%
S7: 7th Ray Hosteau
29%
S9: 3rd Ray Whitty
29%
S25 RC Saint-Amour
29%
S13 Rebecca Bowman
29%
S6: 3rd Rebecca Cardon
29%
AP4 Rebecca Jarvis
29%
S8: 3rd Rebecca Weaver
29%
S29 Reed Kelly
29%
S26 Reynold Toepfer
29%
AI2 Rickey Smith
29%
CA8 Ricky Williams
29%
S14 Rita Verreos
29%
HK10,17 Robyn Almodovar
29%
S14 Rocky Reid
29%
CA3 Rod Blagojevich
29%
S2 Rodger Bingham
29%
S6 Roger Sexton
29%
S9 Rory Freeman
29%
AP5 Roxanne Wilson
29%
S25 Roxy Morris
29%
AI2 Ruben Studdard
29%
S4: 10th Russell Brown
29%
S19, S20, S22 Russell Hantz
29%
BB11 Russell Kairouz
29%
S2: 7th Russell Kalenberg
29%
HK8 Russell Kook II
29%
S19, S25 Russell Swan
29%
S12 Ruth-Marie Milliman
29%
HK8 Sabrina Brimhall
29%
HK6 Sabrina Gresset
29%
S24 Sabrina Thompson
29%
MC9 Samantha Daily
29%
MC3 Samantha De Silva
29%
S7, S20, S34 Sandra Diaz-Twine
29%
HK12 Sandra Flores
29%
S22 Sarita White
29%
AI10 Scotty McCreery
29%
S9 Scout Cloud Lee
29%
S13 Sekou Bunch
29%
S26 Shamar Thomas
29%
S19 Shambo Waters
29%
BB2 Shannon Dragoo
29%
CBB1 Shannon Elizabeth
29%
S21 Shannon Elkins
29%
S16: 10th Shannon Foster
29%
AI11 Shannon Magrane
29%
S8: 4th Sharon Godlewski
29%
BB9 Sharon Obermueller
29%
CA3 Sharon Osbourne
29%
HK4 Sharon Stewart
29%
S6 Shawna Mitchell
29%
S15 Sherea Lloyd
29%
S26 Sherri Biethman
29%
S5, S8 Shii-Ann Huang
29%
S30, S31 Shirin Oskooi
29%
S30, S34 Sierra Dawn Thomas
29%
S18 Sierra Reed
29%
S3 Silas Gaither
29%
S1 Sonja Christopher
29%
S23 Sophie Clarke
29%
S28, S31 Spencer Bledsoe
29%
BB15 Spencer Clawson
29%
S18 Spencer Duhm
29%
MC3 Stacey Amagrande
29%
S23 Stacey Powell
29%
HK7 Stacey Slichta
29%
S1 Stacey Stillman
29%
AP2 Stacie Jones Upchurch
29%
S20: 8th Stacy Bowers
29%
S14 Stacy Kimball
29%
AP2 Stacy Rotner
29%
AP5 Stacy Schneider
29%
CA4 Star Jones
29%
S8: 7th Stassi Schroeder
29%
BB20 Steve Arienta
29%
S4: 12th Steve Carmody
29%
S14: 10th Steve Cole
29%
S4: 9th Steve Cottingham
29%
S26: 6th Steve Langton
29%
S4: 8th Steve Meitz
29%
BB17 Steve Moses
29%
HK13 Steve Rosenthal
29%
S16: 6th Steve Smith
29%
S22 Steve Wright
29%
CA3 Summer Sanders
29%
AP5 Summer Zervos
29%
S33 Sunday Burquest
29%
S13 Sundray Oakley
29%
S17 Susie Smith
29%
HK6 Suzanne Schlicht
29%
MC2 Suzy Singh
29%
S18 Sydney Wheeler
29%
S14 Sylvia Kimball
29%
S3: 12th Sylvia Pitts
29%
S32, S34 Tai Trang
29%
S18 Taj Johnson
29%
MC3 Tali Clavijo
29%
S8: 6th Tammy Gaghan
29%
S14: 1st Tammy Jih
29%
AP1 Tammy Lee
29%
S4 Tammy Leitner
29%
AP5 Tammy Trenta
29%
S24 Tarzan Smith
29%
S28, S31 Tasha Fox
29%
S25:6th Te Jay McGrath
29%
S10: 8th Terry Cosentino
29%
S12, S31 Terry Deitz
29%
MC7 Terry Mueller
29%
AUS4 Tessa O’Halloran
29%
S17: 3rd Thomas Wolfard
29%
S7 Tijuana Bradley
29%
S13: 2nd Tina Greene
29%
S12 Tina Scheer
29%
S2, S8, 27 Tina Wesson
29%
AP3 Todd Everett
29%
S15 Todd Herzog
29%
S19: 4th Tommy Czeschin
29%
S8: 1st Tommy Linz
29%
HK9 Tommy Stevens
29%
MC6 Tommy Walton
29%
S13: 4th Toni Imbimbo
29%
MC2 Tracy Kontos
29%
MC1 Tracy Nailor
29%
S16 Tracy Wolf
29%
S9 Travis “Bubba” Sampson
29%
S23: 3rd Travis Jasper
29%
S7 Trish Dunn
29%
S28 Trish Hegarty
29%
AP1 Troy McClain
29%
S24, S34 Troyzan Robertson
29%
S9 Twila Tanner
29%
S21 Tyrone Davis
29%
S18, S20, S27 Tyson Apostol
29%
S29 Val Collins
29%
S4 Vecepia Towery
29%
CA1 Vincent Pastore
29%
HK8 Vinny Accardi
29%
S27, S31 Vytas Baskauskas
29%
S9: 9th Wanda Lopez-Rochford
29%
S10 Wanda Shirk
29%
AP2 Wes Moss
29%
S29 Wes Nale
29%
MC5 Whitney Bray
29%
S23 | S25: 8th Whitney Duncan
29%
BBOTT Whitney Hogg
29%
MC1 Whitney Miller
29%
S10 Willard Smith
29%
BB20 Winston Hines
29%
S28, S31 Woo Hwang
29%
S14, S16 Yau-Man Chan
29%
S13 Yul Kwon
29%
S21 Yve Rojas
29%
S4 Zoe Zanidakis
29%
BB15 Aaryn Gries
14%
S13: 7th Aja Benton
14%
AUS4 AK Knight
14%
MC2 Alvin Schultz
14%
S19: 3rd Amani Pollard
14%
AP7 Anand Vasudev
14%
AUS4 Anneliese Wilson
14%
S3: 7th Arianne Udell
14%
CA5 Arsenio Hall
14%
S6: 11th Avi Schneier
14%
MC1 Avis White
14%
S12: 6th Azaria Azene
14%
MC7 Barbara Savage
14%
HK10, 17 Barbie Marshall
14%
S22: 1st Bates Battaglia
14%
BB6 Beau Beasley
14%
S29: 5th Becca Droz
14%
S26: 8th Bergen Olson
14%
S15: 4th | S18: 2nd | S24: 6th Big Easy
14%
S10: 12th Bilal Abdul-Mani
14%
MC4 Bime Cruz
14%
S6: 5th Bolo Dar’tainian
14%
S20: 5th Bopper Minton
14%
HK8 Boris Poleschuk
14%
AP1 Bowie Hogg
14%
AP2 Bradford Cohen
14%
S36 Bradley Kleihege
14%
AP7 Brandy Kuentzel
14%
S16: 5th Brandy Snow
14%
S1: 1st Brennan Swain
14%
S8: 9th Brock Rogers
14%
HK13 Bryant Gallaher
14%
AP5 Bryce Gahagan
14%
AI5 Bucky Covington
14%
S28: 10th Cameron Benson
14%
BB19 Cameron Heard
14%
HK14 Cameron Spagnolo
14%
S15: 7th Canaan Smith
14%
AI2 Carmen Rasmusen
14%
HK1 Carolann Valentino
14%
CA8 Carrie Keagan
14%
AI4 Carrie Underwood
14%
AI10 Casey Abrams
14%
AI9 Casey James
14%
BB11 Casey Turner
14%
MC7 Cassie Peterson
14%
CA8 Chael Sonnen
14%
AP5 Charmaine Hunt
14%
S23: 9th Chester Pitts II
14%
S15: 1st Cheyne Whitney
14%
HK14 Chrissa Schmerler
14%
S35 Chrissy Hofbeck
14%
BB19 Christmas Abbott
14%
MC6 Christopher Lu
14%
AI13 | S26: 10th CJ Harris
14%
CA2 Clint Black
14%
AP7 Clint Robertson
14%
AUS3 Conner Berthune
14%
S17: 9th Conner Diemand-Yauman
14%
S30: 4th Conor Daly
14%
S16: 2nd | S18: 6th | S24: 5th Cord McCoy
14%
AI12 Curtis Finch Jr.
14%
BB1 Curtis Kin
14%
CA3 Curtis Stone
14%
S13: 4th Dallas Imbimbo
14%
S3: 6th Damon Wafer
14%
CA3 Darryl Strawberry
14%
CA5 Dayana Mendoza
14%
S2: 11th Deidre Washington
14%
CA4 Dionne Warwick
14%
BB19 Dominique Cooper
14%
S36 Donathan Hurley
14%
S5: 10th Donny Patrick
14%
BB16 Donny Thomson
14%
S2: 8th Doyin Richards
14%
S10: 9th Duke Marcoccio
14%
BB8 Dustin Erikstrup
14%
S10: 4th | S11: 2nd Dustin Seltzer
14%
AI1 Ejay Day
14%
BB19 Elena Davies
14%
AI5 Elliott Yamin
14%
S20: 9th Elliot Weber
14%
HK1 Elsie Ramona
14%
S23 Elyse Umemoto
14%
S19: 1st Ernie Halvorsen
14%
S10: 5th Erwin Cho
14%
MC2 Ester Kang
14%
AI3 Fantasia Barrino
14%
BB20 Faysal Shafaat
14%
AP4 Felisha Mason
14%
S15: 4th | S18: 2nd | S24: 6th Flight Time
14%
S29: 5th Floyd Pierce
14%
MC5 Francis Biondi
14%
MC5 Francis Legge
14%
HK2 Gabe Gagliardi
14%
HK8 Gail Novenario
14%
AP7 Gene Folkes
14%
CA1 Gene Simmons
14%
CA7 Geraldo Rivera
14%
S3: 3rd Gerard Duphiney
14%
HK16 Gia Young
14%
BB15 GinaMarie Zimmerman
14%
HK5,17 Giovanni Filippone
14%
BB18 Glenn Garcia
14%
S10: 5th Godwin Cho
14%
HK10 Guy Vaknin
14%
BB20 Haleigh Broucher
14%
AI10 Haley Reinhart
14%
AI6 Haley Scarnato
14%
S12: 6th Hendekea Azene
14%
CA2 Herschel Walker
14%
BB15 Howard Overby
14%
MC4 Howard Simpson
14%
S22: 10th Idries Abdur-Rahman
14%
AP2 Ivana Ma
14%
HK11 Jacqueline Baldassari
14%
S23: 4th | S24: 4th Jamal Zadran
14%
BB8 Jameka Cameron
14%
S27: 5th James Earl Corley
14%
S22: 10th Jamil Abdur-Rahman
14%
AI12 Janelle Arthur
14%
BB6, BB7, BB14 Janelle Pierzina
14%
S4: 6th Jaree Poteet
14%
AUS4 Jarrad Seng
14%
S28 Jefra Bland
14%
S26: 2nd Jelani Roy
14%
AUS3 Jennah-Louise Salkeld
14%
AUS4 Jericho Malabonga
14%
S20: 2nd JJ Carrell
14%
S30 Joaquin Souberbielle
14%
BB16 Jocasta Odom
14%
S11: 11th | S3: 5th John Vito Pietanza
14%
BB14 JoJo Spatafora
14%
S9: 10th Joni Glaze
14%
BB15 Kaitlin Barnaby
14%
BB14 Kara Monaco
14%
S10: 3rd Karlyn Harris
14%
S1: 6th Karyn Jefferson
14%
S19: 9th Kaylani Pallotta
14%
S36 Kellyn Bechtold
14%
S27: 1st Kelsey Gerckens
14%
CA7 Kenya Moore
14%
S15: 8th Keri Morrione
14%
S20: 8th Kerri Paul
14%
S14: 4th | S18: 1st Kisha Hoffman
14%
MC4 Krissi Biasiello
14%
HK15 Kristen Barone
14%
BB12 Kristen Bitting
14%
AP3 Kristen Kirchner
14%
AI13 Kristen O’Connor
14%
HK9 Krupa Patel
14%
AP1 Kwame Jackson
14%
S9: 6th Lake Garner
14%
Hk2 Larry Sik
14%
S36 Laurel Johnson
14%
S19: 6th Laurence Sunderland
14%
S24 Leif Manson
14%
CA1 Lennox Lewis
14%
S1: 6th Lenny Hudson
14%
AP5 Lenny Veltman
14%
S26:10th Libby Simpson
14%
S36 Libby Vincek
14%
CA4,6 Lil Jon
14%
S8: 2nd Lindsay Bransen
14%
AUS4 Locky Gillbert
14%
S29: 3rd Logan Bauer
14%
S27: 3rd Logan Fazio
14%
S29: 3rd London Kaye
14%
S12: 8th Lorena Segura
14%
HK6 Louie Cordio
14%
S16: 4th Louie Stravato
14%
HK4 Louross Edralin
14%
S30: 5th Lucas Bocanegra
14%
BB6 Maggie Ausburn
14%
AP7 Mahsa Saeidi-Azcuy
14%
S15: 10th Marcy Maloy
14%
S1: 8th Margaretta Groark
14%
S1: 2nd Margarita Mesa
14%
S12: 9th Marianna Ruiz
14%
S19: 8th Marie Canavan
14%
S23: 2nd Marie Mazzocchi
14%
CA1,6 Marilu Henner
14%
S8: 5th Marion Paolo
14%
CA4 Marlee Matlin
14%
AP4 Marshawn Evans
14%
AP6 Martin Clarke
14%
BB5 Marvin Latimer
14%
Hk1 Mary Ellen Daniels
14%
CA4 Meat Loaf
14%
S7: 10th Megan Baker
14%
AI8 Megan Joy
14%
S8: 1st Megan Linz
14%
BB19 Megan Lowder
14%
S22: 5th | S24: 9th Meghan Camarena
14%
HK14 Meghan Gill
14%
S15: 1st Meghan Rickey
14%
HK12 Melanie Finch
14%
CBB1 Metta World Peace
14%
S20: 11th Misa Tanaka
14%
AI13 MK Nobilette
14%
BBOTT Monte Massongill
14%
MC3 Monti Carlo
14%
CA1 Nadia Comaneci
14%
AI4 Nadia Turner
14%
S1: 5th Nancy Lundgren Hoyt
14%
S20: 6th Nary Ebeid
14%
S32 Neal Gottlieb
14%
HK11 Nedra Harris
14%
BBOTT Neeley Jackson
14%
CA1 Nely Galan
14%
S25: 7th Nici Porter
14%
HK8 Nona Sivley
14%
S2: 10th Norm Davis
14%
AUS4 Odette Blacklock
14%
S11: 4th | S2: 4th Oswald Mendez
14%
MC8 Paige Jimenez
14%
AI9 Paige Miles
14%
S2: 3rd Paige Mycoskie
14%
BB16 Paola Shea
14%
BB9 Parker Somerville
14%
S2: 6th Peach Krebs
14%
S2: 9th Peggy Kuhn
14%
AP5 Pepi Diaz
14%
AUS3 Phoebe Timmins
14%
CA1 Piers Morgan
14%
HK2 Polly Holladay
14%
AP7 Poppy Carlig
14%
CA8 Porsha Williams
14%
S14: 11th Preston McCamy
14%
S29: 4th Redmond Ramos
14%
S8: 10th Reggie Black
14%
S4: 1st Reichen Lehmkuhl
14%
S8: 9th Renee Rogers
14%
AI1 RJ Helton
14%
S35 Roark Luskin
14%
S25: 4th Robbie Strauss
14%
HK12 Rochelle Bergman
14%
S26: 4th Rochelle Nevedal
14%
S30 Rodney Lavoie Jr.
14%
HK13 Roe DiLeo
14%
AUS3 Rohan MacLaren
14%
S8: 3rd Rolly Weaver
14%
CBB1 Ross Mathews
14%
S23: 10th Rowan Joseph
14%
HK10 Royce Wagner
14%
S10: 12th Sa’eed Rudolph
14%
MC4 Sasha Foxx
14%
MC4 Savannah Sturges
14%
BB20 Scottie Salton
14%
S36 Sebastian Noel
14%
HK11 Sebastian Royo
14%
CA3 Selita Ebanks
14%
S23 Semhar Tadesse
14%
HK5 Seth Levine
14%
S29: 9th Seth Tyler
14%
S29: 8th Shamir Arenzo
14%
S12: 7th Shana Wall
14%
MC1 Sheena Zadeh
14%
MC1 Sheetal Bhagat
14%
S21: 11th Sheila Castle
14%
BB9 Sheila Kennedy
14%
BBOTT Shelby Stockton
14%
S25: 7th Shelley Porter
14%
BB17 Shelli Poole
14%
MC6 Shelly Flash
14%
BB13 Shelly Moore
14%
S27: 11th Shevonne Sullivan
14%
S2: 8th Shola Richards
14%
CA7 Sig Hansen
14%
HK12 Simone Hammond
14%
S35 Simone Nguyen
14%
CA3 Sinbad
14%
MC9 SJ Yun
14%
S12: 11th Staella Gianakkos
14%
S13: 1st Starr Spangler
14%
AP7 Steuart Martens
14%
BB10 Steven Daigle
14%
HK9 Steven Paluba
14%
AP6 Surya Yalamanchili
14%
S3: 11th Talicia Raggs
14%
AI1 Tamyra Gray
14%
AP3 Tana Goertz
14%
S27: 6th Tanner Kloven
14%
AP5 Tarek Saab
14%
HK10 Tavon Hubbard
14%
AUS3 Tegan Haining
14%
HK6 Tek Moore
14%
S13: 5th Terence Gerchberg
14%
S11: 7th | S3: 2nd Teri Pollack
14%
CA7 Terrell Owens
14%
AP5 Theresa Boutross
14%
CA5 Tia Carrere
14%
S4: 6th Tian Kitchen
14%
CA1 Tito Ortiz
14%
S12: 1st TK Erwin
14%
BB3 Tonya Paoni
14%
AP4 Toral Mehta
14%
CA1,6 Trace Adkins
14%
HK8 Trev McGrath
14%
S21: 3rd Trey Wier
14%
AI15 Tristan McIntosh
14%
AP7 Tyana Alvarado
14%
S11: 5th | S7: 1st Uchenna Agu
14%
AP3 Verna Felton
14%
HK2 Virginia Dalbeck
14%
S12: 5th | S18: 5th Vyxsin Fiala
14%
AP7 Wade Hanson
14%
S8: 2nd Wally Bransen
14%
S36 Wendell Holland
14%
BB14 Willie Hantz
14%
MC5 Willie Mike
14%
S22: 7th Winnie Sung
14%
S22: 6th Wynona McCall
14%
S9: 3rd Yolanda Brown-Moore
14%
S15: 9th | S18: 4th Zev Glassenberg
14%
AUS4 Ziggy Zagame
14%
AI14 Adanna Duru
0%
MC4 Adriana Guillen
0%
MC5 Ahran Cho
0%
MC6 Ailsa von Dobeneck
0%
MC2 Alejandra Schrader
0%
MC7 Alejandro Toro
0%
AI8 Anoop Desai
0%
HK8 Antonia Boregman
0%
AI4 Anwar Robinson
0%
HK6 Ariel Contreras-Fox
0%
HK15 Ariel Malone
0%
AI10 Ashton Jones
0%
S29: 7th Ashton Theiss
0%
MC5 Astrid Lavenia
0%
AI15 Avalon Young
0%
HK16 Aziza Young
0%
HK11 Barret Beyer
0%
BB20 Bayleigh Dayton
0%
MC4 Bethy Rossos
0%
HK12 Bev Lazo-Gonzalez
0%
S28: 7th Blair Fowler
0%
S26: 3rd Blair Townsend
0%
MC9 Bowen Li
0%
BB11 Braden Bacha
0%
S28: 5th Brodie Smith
0%
BB18 Bronte D’Acquisto
0%
BB10 Bryan Ollie
0%
AI12 Burnell Taylor
0%
AI16 Cade Foehner
0%
AI3 Camile Velasco
0%
AP6 Carey Sherrell
0%
CA8 Carnie Wilson
0%
CA8 Carson Kressley
0%
S30: 9th Cedric Ceballos
0%
MC9 Cesar Cano
0%
AI2 Charles Grigsby
0%
BB9 Chelsia Hart
0%
CA5 Cheryl Tiegs
0%
BB3 Chiara “Kiki” Berti
0%
AI7 Chikezie
0%
BB11 Chima Simone
0%
HK9 Chino Chang
0%
AI14 Clark Beckham
0%
HK10 Clemenza Caserta
0%
AI4 Constantine Maroulis
0%
MC5 Cutter Brewer
0%
AI15 Dalton Rapattoni
0%
MC7 D’Andre Balaoing
0%
MC6 Darah Carattini
0%
S28: 10th Darius Benson
0%
AI11 DeAndre Brackensick
0%
HK13 Denine Giodano
0%
AI13 Dexter Roberts
0%
MC7 Diamond Alexander
0%
AI9 Didi Benami
0%
MC8 Dino Angelo Luciano
0%
HK4 Dominic DiFrancesca
0%
MC8 Eboni Henry
0%
BB12 Enzo Palumbo
0%
S23: 9th Ephraim Salaam
0%
S27: 9th Ernest Phillips
0%
MC9 Farhan Momin
0%
MC1 Faruq Jenkins
0%
MC3 Felix Fang
0%
HK13 Fernando Cruz
0%
AI16 Gabby Barrett
0%
HK12 Gaurav Navin
0%
HK16 Genaro Delillo
0%
MC9 Gerron Hurt
0%
BB3 Gerry Lancaster
0%
HK2 Giacomo Alfieri
0%
AI15 Gianna Isabella
0%
CA7 Gilbert Gottfried
0%
MC2 Giuseppe Morisco
0%
MC5 Gordon Houston
0%
S28: 11th Hagan Parkman
0%
BB2 Hardy Ames-Hill
0%
S26:9th Harley Rodriguez
0%
HK15 Hassan Musselmani
0%
AI11 Heejun Han
0%
MC6 Hetal Vasavada
0%
S23: 11th Hoskote Venkatesh
0%
BB6, BB7 Howie Gordon
0%
BB17 Jace Agolli
0%
HK13 Janai Simpson
0%
HK15,17 Jared Bobkin
0%
BB5, BB7 Jase Wirey
0%
AI14 Jax
0%
BB4 Jee Choe
0%
AI11 Jermaine Jones
0%
S27: 9th Jin Greer
0%
AI8 Jorge Nunez
0%
BB9 Joshuah Welch
0%
S28: 8th Joslyn Davis
0%
BB18 Jozea Flores
0%
MC9 Juni Cuevas
0%
AI16 Jurnee
0%
BB8 Kail Harbick
0%
HK13 Kalen Morgenstern
0%
HK12 Kashia Zollicoffer
0%
BB20 Kaycee Clark
0%
BB6, BB7 Kaysar Ridha
0%
BB10 Keesha Smith
0%
MC6 Kerry Prince
0%
CA7 Keshia Knight Pulliam
0%
CBB1 Keshia Knight Pullman
0%
MC5 Kira Novak
0%
HK16 Koop Wynkoop
0%
AI12 Kree Harrison
0%
AI9 Lacey Brown
0%
HK5 Lacey D’Angelo
0%
CA8 Laila Ali
0%
AI15 La’Porscha Renae
0%
CA4,6 LaToya Jackson
0%
AI3 LaToya London
0%
BB13 Lawon Exum
0%
AI12 Lazaro Arbos
0%
BB10 Libra Thompson
0%
CA7 Lorenzo Lamas
0%
HK6 Lovely Jackson
0%
S26: 11th Lyda Grawn
0%
AI15 MacKenzie Bourg
0%
AI16 Maddie Poppe
0%
AI14 Maddie Walker
0%
AI13 Majesty Rose
0%
AI13 Malaya Watson
0%
AI5 Mandisa
0%
MC7 Manny Washington Jr.
0%
BB3, BB7 Marcellas Reynolds
0%
AI16 Marcio Donaldson
0%
HK2 Maribel Miller
0%
MC6 Mateo McConnell
0%
BB15 McCrae Olson
0%
BB10 Memphis Garrett
0%
BB12 Monet Stunson
0%
HK9 Monterray Keys
0%
AP6 Muna Heaven
0%
AI10 Naima Adeldapo
0%
S23: 11th Naina Venkatesh
0%
MC4 Natasha Crnjac
0%
HK7 Nilka Hendricks
0%
MC6 Olivia Crouppen
0%
AI15 Olivia Rox
0%
MC9 Olusola Ogbomo
0%
AI10 Pia Toscano
0%
AI14 Qaasim Middleton
0%
AI14 Quentin Alexander
0%
BB12 Ragan Fox
0%
AI7 Ramiele Malubay
0%
BB19 Ramses Soto
0%
MC8 Reba Billingsley
0%
BB10 Renny Martyn
0%
BB3 Roddy Mancuso
0%
BB11 Ronnie Talbott
0%
HK10 Roshni Gurnani
0%
HK13 Sade Dancy
0%
HK7 Salvatore Coppola
0%
AI6 Sanjaya Malakar
0%
AI14 Sarina-Joi Crowe
0%
HK4 Sayna Raichilson-Zadok
0%
MC3 Scott Little SCOTT
0%
HK16 Shaina Hayden
0%
MC9 Shanika Patterson
0%
MC1 Sharone Hakman
0%
S4: 7th Sheree Buchanan
0%
S28: 2nd Sheri LaBrant
0%
HK15 Sherkenna Buggs
0%
BB2 Sheryl Braxton
0%
MC9 Sid Hoeltzell
0%
HK7 Siobhan Allgood
0%
AI9 Siobhan Magnus
0%
AI11 Skylar Laine
0%
AI15 Sonika Vaid
0%
AI10 Stefano Langone
0%
HK13 Sterling Wright
0%
AI7 Syesha Mercado
0%
MC7 Tanorria Askew
0%
CA2 T-Boz Watkins
0%
HK6 Tennille Middleton
0%
AI10 Thia Megia
0%
S3: 11th Tramel Raggs
0%
AI15 Trent Harmon
0%
AI2 Trenyce
0%
S30: 7th Trevor Wadleigh
0%
S8: 4th Tricia Godlewski
0%
AI14 Tyanna Jones
0%
S29: 7th Vanck Zhu
0%
HK3 Vinnie Fama
0%
S10: 11th Vipul Patel
0%
CA7 Vivica A. Fox
0%
AI4 Vonzell Solomon
0%
MC8 Yachecia Holston
0%
BB18 Zakiyah Everette
0%
No matching quizzes found
Score Distribution
Percent of People with Each Score
Percentile by Number Answered
Your Score History
You have not taken this quiz since the last reset